000 01491nam0a22003131 4500
001 rc\3564788
005 20260331132903.0
021 _aRU
_b77-7024
021 _aRU
_bРг4516-77
035 _a(NLR Aleph) 007687973
090 _a6610508
_c6610508
100 _a20130115d1976 u y0rusy50 ca
101 0 _arus
102 _aRU
105 _ay c |||||
200 1 _aМетодические указания по надзору за соблюдением стандартов ССБТ для Госнадзора Госстандарта СССР и Технической инспекции профсоюзов
_e2 ред.
_f... ВЦСПС
210 _aМосква
_cБ. и.
_d1976
215 _a16 с.
_d20
300 _aНа обороте тит. л.: принимали участие: А.П. Купчин, Ш.Л. Злотник, В.Б. Николаев [и др.]
702 1 _aЗлотник
_bШ. Л.
_4570
702 1 _4570
_7ca
_8rus
_aНиколаев
_bВ. Б.
_cметодист, стандартизация
_gВладимир Борисович
_92703196
_3RU\NLR\AUTH\770291762
702 1 _aКупчин
_bА. П.
_4570
710 0 1 _aСССР
_bКомитет стандартов
_bУправление государственного надзора и территориальных органов
_9751453
_3RU\NLR\AUTH\8810127097
801 0 _aRU
_bNLR
_gpsbo
801 1 _aRU
_bELAR
_2rusmarc
852 _aNLR
_j77-4/7808
942 _cBOOK
980 _aNB